| 000 | 00964nam a22002897a 4500 | ||
|---|---|---|---|
| 003 | CHAP | ||
| 005 | 20220329134355.0 | ||
| 008 | 971013s1980 r 00010 d | ||
| 010 | _a19573 | ||
| 011 | _a20545 | ||
| 035 | _a24633 | ||
| 040 | _cCHAP | ||
| 082 |
_a633.68 _bC44 |
||
| 110 |
_aCentro Internacional de Agricultura Tropical. Programa de Yuca _921191 |
||
| 245 |
_aInforme anual _b: 1979-19 |
||
| 260 |
_aCali : _b(El Centro), _c1980-19 |
||
| 300 |
_av. _b: ilus. ; gráfs. |
||
| 500 | _aLa biblioteca tiene: 1979, 1980, 1981 | ||
| 590 |
_aBATCH-UPD _b10 _c20130110 _lUCH01 _h1127 |
||
| 590 |
_aCONVERSION _b10 _c20130109 _lUCH01 _h1312 |
||
| 650 | 1 | 4 |
_aYuca. _9123269 |
| 901 | _aBK | ||
| 942 | _cLIBRO | ||
| 949 |
_a633.68 C44 _bBC _cLIBRO _d33724000215315 _eLIBRO _f1980 _h57491 _i24633 _si |
||
| 949 |
_a633.68 C44 _bBC _cLIBRO _d33724000215323 _eLIBRO _f1979 _h51199 _i24633 _si |
||
| 949 |
_a633.68 C44 _bBC _cLIBRO _d33724000215356 _eLIBRO _f1981 _h60552 _i24633 _si |
||
| 999 |
_c19573 _d19573 |
||